The impact of `greater Dhaka flood protection project' (GDFPP) on local living environment - the attitude of the floodplain residents (Record no. 58150)

000 -LEADER
fixed length control field 00489pab a2200157 454500
008 - FIXED-LENGTH DATA ELEMENTS--GENERAL INFORMATION
fixed length control field 180718b2003 xxu||||| |||| 00| 0 eng d
100 ## - MAIN ENTRY--PERSONAL NAME
Personal name Chowdhury, Md. Rashed
245 ## - TITLE STATEMENT
Title The impact of `greater Dhaka flood protection project' (GDFPP) on local living environment - the attitude of the floodplain residents
260 ## - PUBLICATION, DISTRIBUTION, ETC.
Date of publication, distribution, etc. 2003
300 ## - PHYSICAL DESCRIPTION
Extent p.309-24.
362 ## - DATES OF PUBLICATION AND/OR SEQUENTIAL DESIGNATION
Dates of publication and/or sequential designation Jul
650 ## - SUBJECT ADDED ENTRY--TOPICAL TERM
Topical term or geographic name entry element Flood control - Bangladesh
650 ## - SUBJECT ADDED ENTRY--TOPICAL TERM
Topical term or geographic name entry element Flood control
773 ## - HOST ITEM ENTRY
Main entry heading Natural Hazards
909 ## -
-- 58150
Holdings
Withdrawn status Lost status Damaged status Not for loan Permanent Location Current Location Date acquired Serial Enumeration / chronology Barcode Date last seen Price effective from Koha item type
        Indian Institute of Public Administration Indian Institute of Public Administration 2018-07-19 Volume no: 29, Issue no: 3 AR58595 2018-07-19 2018-07-19 Articles

Powered by Koha